[Event "Batalha dos Mestres op 2nd"]
[Site "Lisbon"]
[Date "2003.10.06"]
[Round "4.3"]
[White "Ferreira, Nelson Castelo Bran"]
[Black "Simoes, John William"]
[Result "1-0"]
[WhiteElo "2178"]
[BlackElo "2082"]
[PlyCount "75"]
[EventDate "2003.10.01"]
[EventType "swiss"]
[EventRounds "9"]
[EventCountry "POR"]
[SourceTitle "CBM 097 Extra"]
[Source "ChessBase"]
[SourceDate "2004.01.13"]
[SourceVersion "1"]
[SourceVersionDate "2004.01.13"]
[SourceQuality "1"]

1. d4 d5 2. c4 e6 3. Nc3 Nf6 4. Bg5 Nbd7 5. e3 Be7 6. Nf3 c6 7. Qc2 0-0 8. Bd3 Re8 9. 0-0 Nf8 10. Rad1 Ng6 11. Ne5 Nd7 12. Bxe7 Qxe7 13. f4 f5 14. cxd5 Ndxe5 15. dxe5 cxd5 16. Nb5 Rf8 17. Rc1 Bd7 18. Nd6 Bc6 19. b4 a6 20. a4 Nh8 21. b5 axb5 22. axb5 Be8 23. Qc7 Qh4 24. Ra1 Rxa1 25. Rxa1 Nf7 26. Qxb7 Nh6 27. Be2 Bh5 28. g3 Qh3 29. Ra8 g5 30. Rxf8+ Kxf8 31. Qc8+ Ke7 32. Qc7+ Kf8 33. Qd8+ Kg7 34. Qf6+ Kg8 35. Qxh6 Bg4 36. Qxg5+ Kf8 37. Qf6+ Kg8 38. Qf7+ 1-0

[Event "POR-ch Apuramento"]
[Site "Portugal"]
[Date "2003.??.??"]
[Round "2"]
[White "Vitorino, Luis"]
[Black "Simoes, John William"]
[Result "0-1"]
[WhiteElo "1905"]
[BlackElo "2080"]
[PlyCount "70"]
[EventDate "2003.??.??"]
[EventType "swiss"]
[EventRounds "9"]
[EventCountry "POR"]
[SourceTitle "EXT 2007"]
[Source "ChessBase"]
[SourceDate "2006.11.23"]
[SourceVersion "1"]
[SourceVersionDate "2006.11.23"]
[SourceQuality "1"]

1. e4 c5 2. Nf3 d6 3. d4 cxd4 4. Nxd4 Nf6 5. Nc3 a6 6. Be2 e6 7. 0-0 Be7 8. Nf3 0-0 9. e5 dxe5 10. Nxe5 Nbd7 11. Nxd7 Bxd7 12. Bf3 Qc7 13. Qe2 Bc6 14. Re1 Rfd8 15. g3 Bxf3 16. Qxf3 Nd5 17. Nxd5 Rxd5 18. c3 Rad8 19. Be3 Qc6 20. Qe2 Bf6 21. Rad1 g6 22. Rxd5 Qxd5 23. c4 Qd7 24. Bb6 Rc8 25. c5 Qa4 26. Qf3 Bxb2 27. Qxb7 Qe8 28. Qxa6 Ra8 29. Qc4 Qc6 30. Qb3 Bd4 31. Qc4 Ra4 32. Qc2 e5 33. h3 Qf3 34. Kf1 Rb4 35. Rxe5 Bxe5 0-1